Movies Quiz

Random Movies or Actor Quiz

The 'Last' Movie Quiz Stats

 Plays Quiz Updated Feb 3, 2019

Support Sporcle.
Go Orange.
Score 0/34 Timer 08:00
0 Plays Today
Year Actor Movie % Correct
1992 Daniel Day-LewisThe Last of the Mohicans
54.3%
2010 Miley CyrusThe Last Song
44.1%
2006 Forest WhitakerThe Last King of Scotland
43.6%
2001 Julia StilesSave the Last Dance
39.1%
1997 Jennifer Love HewittI Know What You Did Last Summer
31.1%
2003 Tom CruiseThe Last Samurai
30.1%
1993 Arnold SchwarzeneggerLast Action Hero
27.8%
2006 Queen LatifahLast Holiday
27.3%
1989 Harrison FordIndiana Jones and the Last Crusade
27.1%
1996 Sharon StoneLast Dance
24.3%
1991 Bruce WillisThe Last Boy Scout
23.3%
2006 Zach BraffThe Last Kiss
20.5%
1971 Jeff BridgesThe Last Picture Show
19.1%
1972 Marlon BrandoLast Tango in Paris
18.8%
2010 Noah RingerThe Last Airbender
18.6%
1996 Bruce WillisLast Man Standing
16.5%
1986 Rob LoweAbout Last Night...
13.7%
Year Actor Movie % Correct
2008 Dustin HoffmanLast Chance Harvey
12.9%
1988 Willem DafoeThe Last Temptation of Christ
9.4%
1987 Peter O'TooleThe Last Emperor
8.4%
1984 Lance GuestThe Last Starfighter
7.9%
2001 Robert RedfordThe Last Castle
7.1%
2009 Christopher PlummerThe Last Station
6.2%
1973 Jack NicholsonThe Last Detail
6.1%
1972 Sandra PeabodyThe Last House on the Left
5.8%
1995 Cameron DiazThe Last Supper
5.5%
1959 Elizabeth TaylorSuddenly, Last Summer
5.2%
1982 Mia Farrow (voice)The Last Unicorn
4.3%
1972 Alan ArkinLast of the Red Hot Lovers
3.6%
1923 Harold LloydSafety Last!
3.3%
1998 Kate BeckinsaleLast Days of Disco
2.1%
2004 Matthew BroderickThe Last Shot
1.3%
1973 James CoburnThe Last of Sheila
1.3%
2001 Benjamin RatnerLast Wedding
0.8%

From the Vault

Artist by 'Sexy' Song

by Flick

Music 4m
These songs aren't inappropriate, just scandalous.
Remove Ads.
Support Sporcle.
Get the best of Sporcle when you Go Orange. This ad-free experience offers more features, more stats, and more fun while also helping to support Sporcle. Thank you for becoming a member.

Show Comments

Extras

Top Quizzes Today


Score Distribution

Your Account Isn't Verified!

In order to create a playlist on Sporcle, you need to verify the email address you used during registration. Go to your Sporcle Settings to finish the process.

Report this User

Report this user for behavior that violates our Community Guidelines.

Details: